000 00292nam a22001337a 4500
008 181218b xxu||||| |||| 00| 0 eng d
020 _a0534005624
041 _aeng
080 _22nd
_a573
100 _a11
101 _aBIO
245 _aPlant Physiology
_cSalisbury, F.B
942 _2udc
_cBK
999 _c53419
_d53419